| 000 | 01045cam a2200337 a 4500 | ||
|---|---|---|---|
| 001 | 16942853 | ||
| 005 | 20260408135308.0 | ||
| 008 | 110830s2012 maua b 001 0 eng | ||
| 010 | _a 2011036570 | ||
| 020 | _a9780321732507 | ||
| 020 | _a0321732502 | ||
| 035 | _a16942853 | ||
| 035 | _a(DNLM)101568205 | ||
| 040 |
_aDNLM/DLC _cDLC _dDLC |
||
| 042 | _apcc | ||
| 050 | 0 | 0 |
_aQH430 _b.S26 2012 |
| 060 | 1 | 0 | _aQU 500 |
| 082 | 0 | 0 |
_a616/.042 _223 |
| 100 | 1 | _aSanders, Mark Frederick. | |
| 245 | 1 | 0 |
_aGenetic analysis : _ban integrated approach / _cMark F. Sanders, John L. Bowman. |
| 260 |
_aBoston : _bBenjamin Cummings, _cc2012. |
||
| 300 |
_axxii, 768 p. : _bcol. ill. ; _c29 cm. |
||
| 504 | _aIncludes bibliographical references and index. | ||
| 650 | 1 | 2 | _aGenetic Phenomena. |
| 650 | 2 | 2 | _aGenetic Techniques. |
| 700 | 1 | _aBowman, John L. | |
| 906 |
_a7 _bcbc _corignew _d1 _eecip _f20 _gy-gencatlg |
||
| 942 |
_2lcc _cBK |
||
| 999 |
_c60331 _d60331 |
||